| 000 | 01320pam a2200325 a 4500 | ||
|---|---|---|---|
| 001 | 3451396 | ||
| 003 | ARRUPE | ||
| 005 | 20141216140422.0 | ||
| 008 | 921019s1993 mou b 000 0 eng | ||
| 010 | _a 92038036 | ||
| 020 |
_a1556125631 : _c$16.95 |
||
| 040 |
_aDLC _cDLC _dDLC |
||
| 050 | 0 | 0 |
_aBV4598.2 _b.M36 1993 |
| 082 | 0 | 0 |
_a248 _220 |
| 100 | 1 |
_aMcMahon, Edwin M., _d1930- _911403 |
|
| 245 | 1 | 0 |
_aBeyond the myth of dominance : _ban alternative to a violent society / _cEdwin M. McMahon. |
| 260 |
_aKansas City, MO : _bSheed & Ward, _cc1993. |
||
| 300 |
_axii, 271 p. ; _c21 cm. |
||
| 504 | _aIncludes bibliographical references (p. 267-271). | ||
| 650 | 0 |
_aSelf-actualization (Psychology) _xReligious aspects _xChristianity. _91038 |
|
| 650 | 0 |
_aConsciousness _xReligious aspects _xChristianity. _913463 |
|
| 650 | 0 |
_aEmotions _xReligious aspects _xChristianity. _913464 |
|
| 650 | 0 |
_aHuman body _xReligious aspects _xChristianity. _9641 |
|
| 650 | 0 |
_aControl (Psychology) _xReligious aspects _xChristianity. _913465 |
|
| 650 | 0 |
_aViolence _xReligious aspects _xChristianity. _913466 |
|
| 906 |
_a7 _bcbc _corignew _d1 _eocip _f19 _gy-gencatlg |
||
| 942 |
_2lcc _cMONOGRAPH |
||
| 999 |
_c121522 _d121522 |
||